Códice Florentino (Record no. 9213)
[ view plain ]
| 000 -CABECERA | |
|---|---|
| campo de control de longitud fija | 01262nam a2200313 a 4500 |
| 001 - NÚMERO DE CONTROL | |
| campo de control | BRL_400 |
| 005 - FECHA Y HORA DE LA ÚLTIMA TRANSACCIÓN | |
| campo de control | 20190320210725.0 |
| 008 - DATOS DE LONGITUD FIJA--INFORMACIÓN GENERAL | |
| campo de control de longitud fija | 060813s1979----mx-a######---#000-0#spa-# |
| 041 ## - CÓDIGO DE LENGUA | |
| Código de lengua del texto/banda sonora o título independiente | spa |
| 044 ## - CÓDIGO DEL PAÍS DE LA ENTIDAD EDITORA/PRODUCTORA | |
| Código MARC del país | mx |
| 050 #4 - SIGNATURA TOPOGRÁFICA DE LA BIBLIOTECA DEL CONGRESO | |
| Número de clasificación | F1219 |
| Número de documento/Ítem | .S24 1979 |
| 100 1# - ENTRADA PRINCIPAL--NOMBRE DE PERSONA | |
| Nombre de persona | Sahagún, Bernardino de |
| Fechas asociadas al nombre | 1499-1590. |
| 9 (RLIN) | 23791 |
| 240 10 - TÍTULO UNIFORME | |
| Título uniforme | Historia General de las cosas de la Nueva España |
| 245 10 - MENCIÓN DE TÍTULO | |
| Título | Códice Florentino |
| Mención de responsabilidad, etc. | de Fray Fernardino de Sahagún |
| 260 ## - PUBLICACIÓN, DISTRIBUCIÓN, ETC. | |
| Lugar de publicación, distribución, etc. | México |
| Nombre del editor, distribuidor, etc. | Secretaría de Gobernación |
| Fecha de publicación, distribución, etc. | 1979 |
| 300 ## - DESCRIPCIÓN FÍSICA | |
| Extensión | 3 v. |
| Otras características físicas | il. (algunas a color) |
| Dimensiones | 32 cm. |
| 500 ## - NOTA GENERAL | |
| Nota general | Titulo en el colofón |
| 500 ## - NOTA GENERAL | |
| Nota general | publicado como: Historia general de las cosas de la Nueva España |
| 500 ## - NOTA GENERAL | |
| Nota general | El gobierno de la república editada en facsimil, el manuscrito 218-20 de la colección palatina de la biblioteca Medicea Laurenziana Codice Florentino para mayor conocimiento del pueblo mexicano |
| 500 ## - NOTA GENERAL | |
| Nota general | v.1, Au402; v.2, Au401; v.3, Au400 |
| 650 14 - PUNTO DE ACCESO ADICIONAL DE MATERIA--TÉRMINO DE MATERIA | |
| Término de materia o nombre geográfico como elemento de entrada | Indígenas de México |
| Subdivisión general | Antigüedades |
| 9 (RLIN) | 509 |
| 650 14 - PUNTO DE ACCESO ADICIONAL DE MATERIA--TÉRMINO DE MATERIA | |
| Término de materia o nombre geográfico como elemento de entrada | Aztecas |
| 9 (RLIN) | 2396 |
| 650 14 - PUNTO DE ACCESO ADICIONAL DE MATERIA--TÉRMINO DE MATERIA | |
| Término de materia o nombre geográfico como elemento de entrada | Manuscritos mexicanos |
| Subdivisión general | Facsímiles |
| 9 (RLIN) | 5310 |
| 650 14 - PUNTO DE ACCESO ADICIONAL DE MATERIA--TÉRMINO DE MATERIA | |
| Término de materia o nombre geográfico como elemento de entrada | Manuscritos nahuatl |
| Subdivisión general | Facsímiles |
| 9 (RLIN) | 23792 |
| 651 #4 - PUNTO DE ACCESO ADICIONAL DE MATERIA--NOMBRE GEOGRÁFICO | |
| Nombre geográfico | México |
| Subdivisión general | Historia |
| Subdivisión cronológica | Conquista 1519-1540 |
| 9 (RLIN) | 442 |
| 651 #4 - PUNTO DE ACCESO ADICIONAL DE MATERIA--NOMBRE GEOGRÁFICO | |
| Nombre geográfico | México |
| Subdivisión general | Antigüedades |
| 9 (RLIN) | 2765 |
| 902 ## - CATALOGADOR | |
| Iniciales | GRL |
| 942 ## - ELEMENTOS DE PUNTO DE ACCESO ADICIONAL (KOHA) | |
| Fuente del sistema de clasificación o colocación | Library of Congress Classification |
| Tipo de ítem Koha | Libros |
| Estado de retiro | Estado de pérdida | Estado dañado | No para préstamo | Localización permanente | Ubicación/localización actual | Fecha de adquisición | Total de préstamos | Signatura topográfica completa | Código de barras | Fecha visto por última vez | Precio válido a partir de | Tipo de ítem Koha |
|---|---|---|---|---|---|---|---|---|---|---|---|---|
| El ejemplar forma parte de la colección y puede ser consultado según las políticas vigentes. | Biblioteca Centro de Estudios Ruth D. Lechuga | Biblioteca Centro de Estudios Ruth D. Lechuga | 06/08/2013 | F1219 .S24 1979 | GRL00426 | 22/03/2019 | 22/03/2019 | Libros | ||||
| El ejemplar forma parte de la colección y puede ser consultado según las políticas vigentes. | Biblioteca Centro de Estudios Ruth D. Lechuga | Biblioteca Centro de Estudios Ruth D. Lechuga | 26/08/2015 | F1219 .S24 1979 | GRL00427 | 22/03/2019 | 22/03/2019 | Libros | ||||
| El ejemplar forma parte de la colección y puede ser consultado según las políticas vigentes. | Biblioteca Centro de Estudios Ruth D. Lechuga | Biblioteca Centro de Estudios Ruth D. Lechuga | 26/08/2015 | F1219 .S24 1979 | GRL00428 | 22/03/2019 | 22/03/2019 | Libros |